Top 10 Asian Countries with highest Annual Precipitation - Statistics

General Stats
  • This quiz has been taken 15 times
  • The average score is 10 of 10
Answer Stats
mm Country % Correct
2666 Bangladesh
100%
1904 Cambodia
100%
2702 Indonesia
100%
2875 Malaysia
100%
2091 Myanmar
100%
2348 Philippines
100%
2722 Brunei
93%
1972 Maldives
93%
2497 Singapore
93%
2200 Bhutan
86%
No matching quizzes found
Score Distribution
Percent of People with Each Score
Percentile by Number Answered
Your Score History
You have not taken this quiz